|
|
|
|
| LEADER |
00000naa2a2200000 4500 |
| 001 |
409637 |
| 005 |
20231101071156.0 |
| 035 |
|
|
|a (RuTPU)RU\TPU\prd\63482
|
| 090 |
|
|
|a 409637
|
| 100 |
|
|
|a 20090310a1992 k y0rusy50 ca
|
| 101 |
0 |
|
|a rus
|
| 102 |
|
|
|a RU
|
| 200 |
1 |
|
|a Особенности распределения платиновых металлов в черносланцевых толщах офиолитовых поясов
|f А. Ф. Коробейников, Н. А. Колпакова
|
| 461 |
|
0 |
|0 (RuTPU)RU\TPU\prd\1425
|x 0016-7525
|t Геохимия
|o ежемесячный журнал
|f Российская академия наук (РАН)
|d 1956-
|
| 463 |
|
0 |
|0 (RuTPU)RU\TPU\prd\62758
|t № 6
|v С. 834-845
|d 1992
|
| 610 |
1 |
|
|a труды учёных ТПУ
|
| 700 |
|
1 |
|a Коробейников
|b А. Ф.
|c российский геолог, доктор геолого-минералогических наук
|c профессор Томского политехнического университета
|f 1934-
|g Александр Феопенович
|2 stltpush
|3 (RuTPU)RU\TPU\pers\12688
|4 070
|
| 701 |
|
1 |
|a Колпакова
|b Н. А.
|c девичья фамилия Полукарова
|c российский химик
|c профессор Томского политехнического университета, доктор химических наук
|c Почетный химик России (1996 г.)
|f 1942-
|g Нина Александровна
|2 stltpush
|3 (RuTPU)RU\TPU\pers\21963
|
| 801 |
|
1 |
|a RU
|b 63413507
|c 20090310
|g PSBO
|
| 801 |
|
2 |
|a RU
|b 63413507
|c 20110422
|g RCR
|
| 942 |
|
|
|c BK
|